000 00275nam a22001217a 4500
008 170905b xxu||||| |||| 00| 0 eng d
041 _aeng
080 _26 ED
_a070
100 _a40
101 _aMED
245 _aINTERPERSONAL COMMUNICATION
_cKNAPP.M.L
942 _2udc
_cBK
999 _c26160
_d26160